000 01300cam a22002294a 4500
005 20250605164208.0
008 250528s ||||||||||||||||||||||||d
035 _a20120
020 _a443074887
040 _aGR-AtMCL
_bgre
_dGR-AtMCL
_eAACR2
245 1 _aWorking in Health and Social Care / An Introduction for Allied Health Professionals
260 _bChurchill Livingstone - Elsevier,
_c2005
300 _a224
520 _aThe book provides guidance to all allied health professionals. Foreword, Acknowledgements, Setting the Scene for Practice, The Context of Health and Social Care, Working Within a Process of Change, Development of the Professions and Individual Practitioner, Thinking about Teamworking and Collaboration, Aspects of Professionalism - Factors Influencing Allied Health Practice, Professional Influences on Practice, The Quality Agenda in Health and Social Care, Audit in Allied Health Professional Practice, First Steps Into Practice, Preparing and Developing your Work as an Allied Health Professional, Securing the Right Post, Conclusion, Epilogue, Index.
700 1 _aClouston Teena J
_96168
700 1 _aPalastanga Nigel
_96169
700 1 _aTurner Annie
_96170
700 1 _aWestcott Lyn
_96171
942 _cBK
999 _c5259
_d5259